| 000 | 00439 a2200157 4500 | ||
|---|---|---|---|
| 999 |
_c1000 _d1000 |
||
| 020 | _a9780859500975 | ||
| 050 | _aQA39.2 BOS 2002 | ||
| 100 |
_aBostock, L. _eauthor |
||
| 245 |
_aPure mathematics 2 / _cL. Bostcok and S. Chandler |
||
| 264 |
_aCheltenham : _bNelson Thornes, _c2002 |
||
| 300 |
_axiii, 637p. : _bill. |
||
| 500 | _aIncludes index | ||
| 650 | _aMathematics | ||
| 700 |
_aChandler, S. _eauthor |
||
| 942 |
_2lcc _cBK _h39.2 _iBOS _kQA |
||